000 00538nam a22001817a 4500
005 20251108175100.0
008 250721s2012 xx 000 0 ara d
082 1 4 _aم/306.85021/أرد
245 1 0 _aمسح نفقات ودخل الأسرة 2010 /
246 1 1 _aHOUSEHOLD EXPENDITURES & INCOME SURVEY 2010
264 1 _aعمان :
_bدائرة الإحصاءات العامة،
_c2012.
300 _a276 ص.
650 1 7 _aالدخل
650 1 7 _aالنفقات
650 1 7 _aالأسرة
942 _2ddc
_cREF
999 _c125752
_d125752